La fonética
Uloženo v:
| Hlavní autor: | |
|---|---|
| Médium: | Kniha |
| Jazyk: | španělština |
| Vydáno: |
Buenos Aires
Eudeba
1972
|
| Vydání: | 5a. ed |
| Edice: | Biblioteca Cultural. Colección Cuadernos, 107
|
| Témata: | |
| Tagy: |
Přidat tag
Žádné tagy, Buďte první, kdo vytvoří štítek k tomuto záznamu!
|
MARC
| LEADER | 00000nam a2200000 a 4500 | ||
|---|---|---|---|
| 001 | UCW8207 | ||
| 003 | CL-VaPUC | ||
| 008 | 880713e19720000AG |||||||||||||||||spa|d | ||
| 082 | 0 | 4 | |a 414 |b MAL |2 21 |
| 100 | |a Malmberg, Bertil |e autor |9 469144 | ||
| 245 | 1 | 3 | |a La fonética |
| 250 | |a 5a. ed | ||
| 300 | |a 127 p | ||
| 942 | |c BK | ||
| 945 | |d 19880713 00:00:00 |a rbrito | ||
| 260 | |a Buenos Aires |b Eudeba |c 1972 | ||
| 650 | 0 | |a Fonética |9 308371 | |
| 650 | 0 | |a Lingüística |9 265068 | |
| 583 | |a last modification |c 19880713 00:00:00 |k Rodrigo Vera | ||
| 490 | 0 | |a Biblioteca Cultural. Colección Cuadernos, 107 | |
| 999 | |c 220663 |d 220661 | ||
| 952 | |0 0 |1 0 |4 0 |6 414_000000000000000_MAL_1972 |7 0 |8 A |9 213178 |a BIBEDU |b BIBEDU |d 2019-11-15 |i 2959097 |o 414 MAL 1972 |p 2959097 |r 2019-11-15 |w 2019-11-15 |y BK |k LIT | ||